00804nam a22002177a 450000100060000000300080000600500170001400800410003103500190007204000350009104100080012608200310013410000170016524501530018226000690033530000380040450200760044265000120051865000260053070000300055680256BD-RjUL20230528153239.0220829s1983 bg a|||| m||| 00| 0 eng d a(BD-RjUL)80256 aBD-RjULbengcBD-RjULdBD-RjUL aeng 223a595.76054924bAHB 1983 aAhmed, Azfar10aBionomics, Ecology and control of epilachna beetles of Rajshahi University campus and adjacent areas. /cBY Azfar Ahmed ;6Supervisor : M. A. Quayum aRajshahi :bDepartment of Zoology, University of Rajshahi c1983 a[9], 124 leaves :bill, ;c29.cm. aThesis (M. Phil.) -- Department of Zoology, University of Rajshahi 1983 aBeetles vRajshahi zBangladesh aQuayum, M. A. Supervisor